TENWEK HOSP HOME | SOC  | ASK A LIBRARIANSTAFF LOGIN  |  DIGITAL REPOSITORYe-BOOK PORTAL  |  OFF-CAMPUS PORTAL  |  DONATE

Carcinoma of the colon and rectum / (Record no. 3120)

MARC details
000 -LEADER
fixed length control field 00786nam a2200253 a 4500
001 - CONTROL NUMBER
control field 376555
003 - CONTROL NUMBER IDENTIFIER
control field Ke-BoTe
005 - DATE AND TIME OF LATEST TRANSACTION
control field 20220524114834.0
008 - FIXED-LENGTH DATA ELEMENTS--GENERAL INFORMATION
fixed length control field 811203s1978 ilua b 001 0 eng
010 ## - LIBRARY OF CONGRESS CONTROL NUMBER
LC control number 78052538
020 ## - INTERNATIONAL STANDARD BOOK NUMBER
International Standard Book Number 0815131208
040 ## - CATALOGING SOURCE
Original cataloging agency DLC
Transcribing agency DLC
Modifying agency DLC
050 00 - LIBRARY OF CONGRESS CALL NUMBER
Classification number RC280.C6
Item number C363
082 00 - DEWEY DECIMAL CLASSIFICATION NUMBER
Classification number 616.99/4347
Edition number 19
245 00 - TITLE STATEMENT
Title Carcinoma of the colon and rectum /
Statement of responsibility, etc. edited by Warren E. Enker.
260 ## - PUBLICATION, DISTRIBUTION, ETC.
Place of publication, distribution, etc. Chicago :
Name of publisher, distributor, etc. Year Book Medical Publishers,
Date of publication, distribution, etc. c1978.
300 ## - PHYSICAL DESCRIPTION
Extent xvii, 414 p. :
Other physical details ill. ;
Dimensions 24 cm.
504 ## - BIBLIOGRAPHY, ETC. NOTE
Bibliography, etc. note Includes bibliographical references and index.
650 #0 - SUBJECT ADDED ENTRY--TOPICAL TERM
Topical term or geographic name entry element Colon (Anatomy)
General subdivision Cancer.
9 (RLIN) 6472
650 #0 - SUBJECT ADDED ENTRY--TOPICAL TERM
Topical term or geographic name entry element Rectum
General subdivision Cancer.
9 (RLIN) 6473
700 1# - ADDED ENTRY--PERSONAL NAME
Personal name Enker, Warren E.
9 (RLIN) 6474
906 ## - LOCAL DATA ELEMENT F, LDF (RLIN)
a 7
b cbc
c orignew
d 2
e ocip
f 19
g y-gencatlg
942 ## - ADDED ENTRY ELEMENTS (KOHA)
Source of classification or shelving scheme Library of Congress Classification
Koha item type Books
Suppress in OPAC No
Holdings
Withdrawn status Lost status Source of classification or shelving scheme Damaged status Not for loan Collection code Home library Current library Shelving location Date acquired Total Checkouts Full call number Barcode Date last seen Price effective from Koha item type
    Library of Congress Classification     Non-fiction SCHOOL OF HEALTH SCIENCES SCHOOL OF HEALTH SCIENCES General Stacks 24.05.2022   RC280.C6 C363 00001464 24.05.2022 24.05.2022 Books